00376pab a2200133 454500008004000000100001600040245007700056260000900133300001400142362001000156650001800166700002400184773003400208180718b2011 xxu||||| |||| 00| 0 eng d aPal, Ansuri aIndian jute industry in the globalisation era: Structure and performance c2011 ap.93-100. a5 Mar aJute industry aChakraborti, Pinaki aEconomic and Political Weekly